00950nam a2200265 i 4500001000700000003000900007005001700016007000300033008004100036020001800077080002100095100003700116245011800153260003500271300002200306490003100328500004300359700003800402740002400440830003800464852003300502942000800535999001900543952012200562113262ES-MaACL20250717063030.0t|070221s1979 sp ||||1| spa d a84-376-0171-1 a821.134.2-23"19"1 aSastre, Alfonso, d1926-910391510aM. S. V. (o La Sangre y la ceniza) ; Crónicas romanas / cAlfonso Sastre ; edición de Magda Ruggeri Marhetti. aMadrid : bCátedra, c[1979] a420 p. ; c18 cm.1 aLetras hispánicas ; v88 aBiblioteca Jacinto Martínez Lacalle.1 aRuggeri Marchetti, Magda.91005600 aCrónicas romanas.00aLetras hispánicas ;v889235703 aES-MaACLjE-11621 bR.139645 2udc c113262d113262 00104070aATENEOMbATENEOMcDEPO2d2008-01-17eSCl0oE-11621p1118136r2023-02-23 00:00:00w2023-02-23yMONOGRAFIA